Normal view
MARC view
- Ashfaq Ahmed / اشفاق احمد
Entry Personal Name
001 - CONTROL NUMBER
- control field: 24115
003 - CONTROL NUMBER IDENTIFIER
- control field: NUST
005 - DATE AND TIME OF LATEST TRANSACTION
- control field: 20191016114509.0
008 - FIXED-LENGTH DATA ELEMENTS
- fixed length control field: 191016|| aca||aabn | a|a d
040 ## - CATALOGING SOURCE
- Original cataloging agency: NUST
- Transcribing agency: NUST
100 ## - HEADING--PERSONAL NAME
- Personal name: Ashfaq Ahmed / اشفاق احمد
670 ## - SOURCE DATA FOUND
- Source citation: Work cat.: (NUST): Ashfaq Ahmed / اشفاق احمد, Gadaria: Ujlay Phool / گڈریا: اُجلے پھول, 2012
